=LDR 00000nam 2200000 4500 =001 INLIS000000000011452 =005 20210211092521 =035 ##$$a 0010-061300000011452 =008 210211################g##########0#ind## =041 ##$$a Ind =082 ##$$a 333.31 =090 ##$$a 333.31, Hus o =245 1#$$a Agararian reform di Philipina dan Perbandingan nya dengan landerfrom di Indonesia /$c Hustiati, S.H =260 ##$$a Bandung :$b Mandar Maju,$c 1990 =300 ##$$a x, 150 hlm. ; $c 21x14 cm =650 #4$$a Agraria =850 ##$$a NBPNMAT =084 ##$$a 333.31 HUS a =100 #$$a Husniati =250 ##$$a cet.1 =990 ##$$a 00033456 =990 ##$$a 00033457